The business and information technologies (BIT) project a global study of business practice /

Bibliographic Details
Corporate Author: ProQuest (Firm)
Other Authors: Karmarkar, Uday S., Mangal, Vandana.
Format: Electronic eBook
Language:English
Published: Singapore : World Scientific Pub., c2007.
Subjects:
Online Access:Click to View
LEADER 01394nam a2200361Ia 4500
001 EBC312281
003 MiAaPQ
005 20200520144314.0
006 m o d |
007 cr cn|||||||||
008 070309s2007 si a sb 001 0 eng d
020 |z 9812566961 
020 |z 9789812566966 
035 |a (MiAaPQ)EBC312281 
035 |a (Au-PeEL)EBL312281 
035 |a (CaPaEBR)ebr10188749 
035 |a (CaONFJC)MIL112083 
035 |a (OCoLC)748520940 
040 |a MiAaPQ  |c MiAaPQ  |d MiAaPQ 
050 4 |a HC79.I55  |b B88 2007 
245 0 4 |a The business and information technologies (BIT) project  |h [electronic resource] :  |b a global study of business practice /  |c editors, Uday Karmarkar, Vandana Mangal. 
260 |a Singapore :  |b World Scientific Pub.,  |c c2007. 
300 |a xvi, 329 p. :  |b ill. 
504 |a Includes bibliographical references and index. 
533 |a Electronic reproduction. Ann Arbor, MI : ProQuest, 2015. Available via World Wide Web. Access may be limited to ProQuest affiliated libraries. 
650 0 |a International business enterprises. 
650 0 |a Information technology. 
650 0 |a Electronic commerce. 
655 4 |a Electronic books. 
700 1 |a Karmarkar, Uday S.  |q (Uday Sadashiv) 
700 1 |a Mangal, Vandana. 
710 2 |a ProQuest (Firm) 
856 4 0 |u https://ebookcentral.proquest.com/lib/matrademy/detail.action?docID=312281  |z Click to View